Statistiche per Città delle Finali dei Mondiali

Clicka qui per fare il quiz!

Statistiche generali

  • Questo quiz è stato fatto 22 volte
  • Il punteggio medio è 17 su 22

Statistiche sulle risposte

EdizioneContinenteCittà% Corretto
2006EuropaBerlino
100%
1978America del SudBuenos Aires
100%
1938EuropaColombes
100%
1982EuropaMadrid
100%
1950America del SudRio de Janeiro
100%
2014America del SudRio de Janeiro
100%
1990EuropaRoma
100%
1934EuropaRoma
100%
1966EuropaLondra
95%
2018EuropaMosca
95%
1970America del NordCittà del Messico
84%
1986America del NordCittà del Messico
84%
2010AfricaJohannesburg
84%
1930America del SudMontevideo
84%
1994America del NordPasadena
74%
1958EuropaSolna
74%
1974EuropaMonaco di Baviera
63%
1962America del SudSantiago del Cile
58%
1954EuropaBerna
47%
2002AsiaYokohama
21%
2022AsiaLusail
16%
1998EuropaSaint-Denis
16%

Distribuzione punteggi

Percentile per numero di risposta

Percentuale di utenti per punteggio

I tuoi punteggi nel tempo

Non hai fatto questo quiz